[Event "CAN-ch U20 inv."]
[Site "Toronto CAN"]
[Date "2018.08.10"]
[Round "4.2"]
[White "Liang, Hairan"]
[Black "Plotkin, Mark"]
[Result "1/2-1/2"]
[WhiteElo "2286"]
[BlackElo "2332"]
[PlyCount "129"]
[EventDate "2018.08.08"]
[EventType "tourn"]
[EventRounds "9"]
[EventCountry "CAN"]

1. Nf3 Nf6 2. g3 d5 3. Bg2 Nbd7 4. d4 c5 5. c4 cxd4 6. cxd5 Qa5+ 7. Qd2 Qxd5 8.
Qxd4 Qxd4 9. Nxd4 a6 10. Nc3 e5 11. Nb3 Rb8 12. Be3 b6 13. h3 Bb4 14. Rc1 Bb7
15. Bxb7 Rxb7 16. O-O Ke7 17. Bg5 Bxc3 18. Rxc3 h6 19. Bxf6+ gxf6 20. Rd1 h5
21. Nd2 Nc5 22. Nc4 Rd8 23. Rxd8 Kxd8 24. Nxb6 Rxb6 25. Rxc5 Rxb2 26. Ra5 Rxe2
27. Rxa6 Ke7 28. a4 Ra2 29. Kg2 f5 30. Kg1 Ra3 31. Kg2 f6 32. Ra7+ Ke6 33. a5
f4 34. gxf4 e4 35. a6 Kf5 36. Ra8 Kxf4 37. a7 f5 38. h4 Ra2 39. Kh3 Ra6 40. Kg2
Rg6+ 41. Kf1 Rg7 42. Rh8 Rxa7 43. Rxh5 Rg7 44. Ke2 Kg4 45. Rh8 Ra7 46. h5 Ra2+
47. Ke3 Ra3+ 48. Ke2 f4 49. h6 Ra2+ 50. Ke1 Kf3 51. Re8 Ra1+ 52. Kd2 Rh1 53.
Re6 Rf1 54. Kc3 Rxf2 55. Kd4 Rd2+ 56. Ke5 Rh2 57. Rf6 Rh5+ 58. Rf5 Rxf5+ 59.
Kxf5 e3 60. h7 e2 61. h8=Q e1=Q 62. Qh5+ Ke3 63. Qe8+ Kd2 64. Qxe1+ Kxe1 65.
Kxf4 1/2-1/2

[Event "CAN-ch U20 inv."]
[Site "Toronto CAN"]
[Date "2018.08.10"]
[Round "5.4"]
[White "Plotkin, Mark"]
[Black "Wang, Constance"]
[Result "1-0"]
[WhiteElo "2332"]
[BlackElo "2044"]
[PlyCount "77"]
[EventDate "2018.08.08"]
[EventType "tourn"]
[EventRounds "9"]
[EventCountry "CAN"]

1. e4 c5 2. c3 Nf6 3. e5 Nd5 4. d4 cxd4 5. Qxd4 e6 6. Nf3 Nc6 7. Qg4 d6 8. exd6
e5 9. Qg3 Qxd6 10. Nbd2 Nb6 11. Bb5 f6 12. O-O Be6 13. Re1 O-O-O 14. Ne4 Qd5
15. a4 a6 16. Bf1 Na5 17. Nfd2 Rg8 18. b4 Nac4 19. a5 Nxd2 20. Nxd2 Nd7 21. b5
Nc5 22. bxa6 Nxa6 23. Nc4 Qc6 24. Nb6+ Kc7 25. f4 e4 26. f5+ Bd6 27. Bf4 Bxf5
28. Rad1 Qc5+ 29. Kh1 Bxf4 30. Qxf4+ Qe5 31. Qe3 Rxd1 32. Rxd1 Rd8 33. Rb1 g5
34. Bxa6 bxa6 35. c4 Qd4 36. Qb3 Bc8 37. Nd5+ Kd7 38. Rd1 Qe5 39. Nb4+ 1-0

[Event "CAN-ch U20 inv."]
[Site "Toronto CAN"]
[Date "2018.08.11"]
[Round "6.3"]
[White "Rodrigue-Lemieux, Shawn"]
[Black "Plotkin, Mark"]
[Result "0-1"]
[WhiteElo "2352"]
[BlackElo "2332"]
[PlyCount "92"]
[EventDate "2018.08.08"]
[EventType "tourn"]
[EventRounds "9"]
[EventCountry "CAN"]

1. d4 g6 2. Nf3 Bg7 3. c3 d6 4. Bg5 Nd7 5. Nbd2 h6 6. Bh4 g5 7. Bg3 f5 8. h3
Ngf6 9. Qc2 e6 10. e4 f4 11. Bh2 e5 12. Bc4 Qe7 13. O-O-O Nb6 14. dxe5 dxe5 15.
Rhe1 Bd7 16. Nxe5 Qxe5 17. Nf3 Qe7 18. e5 O-O-O 19. exf6 Qxf6 20. Bb3 Rhe8 21.
Rxe8 Rxe8 22. Re1 Rxe1+ 23. Nxe1 Qe7 24. Qd2 a5 25. Bd1 Kb8 26. Qe2 Qf7 27. Bb3
Qf6 28. a3 a4 29. Bc2 Nd5 30. Qc4 Nb6 31. Qe2 Bc6 32. Bd3 Bf8 33. f3 Bc5 34.
Nc2 Nd5 35. Be4 Qe5 36. Qd3 Ne7 37. Nd4 Bxe4 38. fxe4 Nc8 39. Nf3 Qe6 40. e5
Be3+ 41. Kb1 Nb6 42. Qd8+ Qc8 43. Qd3 Qe8 44. Kc2 Ka7 45. Qe4 Qb5 46. e6 Qb3+
0-1

[Event "CAN-ch U20 inv."]
[Site "Toronto CAN"]
[Date "2018.08.11"]
[Round "7.3"]
[White "Plotkin, Mark"]
[Black "Nasir, Zehn"]
[Result "1/2-1/2"]
[WhiteElo "2332"]
[BlackElo "2306"]
[PlyCount "127"]
[EventDate "2018.08.08"]
[EventType "tourn"]
[EventRounds "9"]
[EventCountry "CAN"]

1. e4 c6 2. d3 d5 3. Nd2 e5 4. Ngf3 Bd6 5. g3 Nf6 6. Bg2 O-O 7. O-O Nbd7 8. Qe2
Re8 9. a4 a5 10. Nh4 Nc5 11. Rd1 Bg4 12. Bf3 Bd7 13. Nf1 Ne6 14. c3 d4 15. Nf5
Bc5 16. h4 Kh8 17. Nh2 Qb6 18. c4 Bf8 19. Ng4 Nxg4 20. Bxg4 Nc5 21. h5 Nb3 22.
Rb1 Nxc1 23. Rdxc1 Bxf5 24. exf5 Qd8 25. Bf3 Qf6 26. Be4 Bc5 27. Kg2 Ra6 28.
Rh1 h6 29. Qd2 Bb4 30. Qc1 Be7 31. c5 Bf8 32. Qc4 Qe7 33. Rhc1 Kg8 34. b4 axb4
35. Rxb4 Rea8 36. Qb3 R8a7 37. Rbc4 Qg5 38. Rh1 Ra5 39. Qc2 Qe7 40. Rc1 Qg5 41.
Qb3 Qxh5 42. Rb4 Qg5 43. Rc2 Qe7 44. f6 Qxf6 45. Rxb7 Rxa4 46. Rxa7 Rxa7 47.
Qb6 Ra1 48. Bxc6 Qg6 49. Bf3 Qxd3 50. Qb2 Qf1+ 51. Kh2 d3 52. Rd2 Bxc5 53. Qxe5
Bf8 54. Qe3 g6 55. Rxd3 Ra2 56. Rd2 Rxd2 57. Qxd2 Bc5 58. Bg2 Qxf2 59. Qxf2
Bxf2 60. g4 Kg7 61. Bd5 f6 62. Be4 h5 63. gxh5 g5 64. Kh3 1/2-1/2

[Event "CAN-ch U20 inv."]
[Site "Toronto CAN"]
[Date "2018.08.12"]
[Round "9.2"]
[White "Plotkin, Mark"]
[Black "Zhu, Brandon"]
[Result "1-0"]
[WhiteElo "2332"]
[BlackElo "2149"]
[PlyCount "109"]
[EventDate "2018.08.08"]
[EventType "tourn"]
[EventRounds "9"]
[EventCountry "CAN"]

1. e4 e5 2. Nf3 Nc6 3. Bc4 Nf6 4. d3 Be7 5. O-O O-O 6. c3 d6 7. Re1 Na5 8. Bb5
a6 9. Ba4 b5 10. Bc2 c5 11. Nbd2 Nc6 12. Nf1 h6 13. Ng3 Re8 14. h3 Bf8 15. d4
cxd4 16. cxd4 exd4 17. Nxd4 Nxd4 18. Qxd4 Be6 19. Bf4 Rc8 20. Bb3 d5 21. e5 Bc5
22. Qd3 Nh7 23. Rad1 Qb6 24. Re2 Red8 25. Nh5 Bf8 26. Qg3 Kh8 27. Bc2 g6 28.
Nf6 Bg7 29. Qf3 Qb7 30. Qe3 Qe7 31. Bxh6 Bxf6 32. exf6 Qxf6 33. Bf4 Kg8 34. Be5
Qh4 35. Rd4 Qh5 36. Bd1 Re8 37. Re1 Qg5 38. Bb3 Qxe3 39. Rxe3 Rc1+ 40. Kh2 Rd8
41. Red3 Rc5 42. h4 a5 43. h5 f6 44. hxg6 fxe5 45. gxh7+ Kh8 46. Rh4 Rd7 47.
Re3 d4 48. Rf3 Rf7 49. Bxe6 Rxf3 50. gxf3 d3 51. Rg4 d2 52. Bf5 Rc8 53. Bxc8
d1=Q 54. Bf5 Qxf3 55. Rg8# 1-0

[Event "Chicago op"]
[Site "Chicago USA"]
[Date "2018.05.27"]
[Round "6"]
[White "Boros, Denes"]
[Black "Plotkin, Mark"]
[Result "1-0"]
[WhiteElo "2423"]
[BlackElo "2169"]
[PlyCount "77"]
[EventDate "2018.05.24"]
[EventType "swiss"]
[EventRounds "7"]
[EventCountry "USA"]
[Source "Chess Mix"]
[SourceDate "2018.06.01"]

1. c4 g6 2. g3 Bg7 3. Bg2 e5 4. Nc3 Ne7 5. Nf3 O-O 6. O-O d6 7. Rb1 a5 8. e3 c5
9. d4 Bf5 10. Ra1 Be6 11. d5 Bc8 12. e4 f5 13. exf5 Nxf5 14. Ng5 Nd4 15. h3 Na6
16. Be3 Nc7 17. Kh2 h6 18. Nge4 g5 19. Rc1 Qe7 20. Qh5 Rf5 21. Qg6 Ne8 22. h4
gxh4 23. Bh3 Rf7 24. Bxc8 Rxc8 25. Bxh6 Nf3+ 26. Kg2 h3+ 27. Kxh3 Qd7+ 28. Kg2
Kf8 29. Rh1 Ke7 30. Bxg7 Nxg7 31. Ng5 Rcf8 32. Nxf7 Rxf7 33. Rh7 Kd8 34. Nb5 e4
35. Nxd6 Re7 36. Rh8+ Ne8 37. Rch1 Ne5 38. Rxe8+ Rxe8 39. Qxe8+ 1-0

[Event "CAN-ch University"]
[Site "Ottawa CAN"]
[Date "2018.01.13"]
[Round "1"]
[White "Plotkin, Mark"]
[Black "Gladstone, Simon"]
[Result "1-0"]
[WhiteElo "2293"]
[BlackElo "2164"]
[PlyCount "67"]
[EventDate "2018.01.13"]
[EventType "team"]
[EventRounds "5"]
[EventCountry "CAN"]

1. d4 e6 2. e4 d5 3. Qe2 Be7 4. e5 a6 5. h4 c5 6. Qg4 Kf8 7. Nf3 Nc6 8. h5 f5
9. Qg3 Nxd4 10. Nxd4 cxd4 11. Nd2 Qc7 12. Bd3 Nh6 13. Nf3 Nf7 14. Bf4 Qa5+ 15.
Ke2 Qb6 16. Nh4 Bd7 17. a4 Rc8 18. b3 Qc7 19. Ng6+ hxg6 20. hxg6 Nh6 21. Rh5
Qc3 22. Rah1 Qb2 23. Bxh6 Rxh6 24. Rxh6 gxh6 25. g7+ Kf7 26. Rxh6 Bg5 27. Qxg5
Rxc2+ 28. Bxc2 Qxc2+ 29. Qd2 Qe4+ 30. Kf1 Qb1+ 31. Qe1 Qxb3 32. Kg1 Qc3 33. Qd1
Kxg7 34. Rh3 1-0

[Event "CAN-ch University"]
[Site "Ottawa CAN"]
[Date "2018.01.13"]
[Round "2"]
[White "Dukic, Zachary"]
[Black "Plotkin, Mark"]
[Result "0-1"]
[WhiteElo "2222"]
[BlackElo "2293"]
[PlyCount "62"]
[EventDate "2018.01.13"]
[EventType "team"]
[EventRounds "5"]
[EventCountry "CAN"]

1. e4 g6 2. d4 Bg7 3. Nc3 d6 4. f4 Nf6 5. Nf3 O-O 6. Be3 a6 7. a4 c5 8. dxc5
Qa5 9. Bd3 dxc5 10. Ne5 Nc6 11. Nc4 Qc7 12. h3 Be6 13. O-O Rfd8 14. Qe2 Nd4 15.
Qf2 Rac8 16. f5 Bxc4 17. Bxc4 b5 18. axb5 axb5 19. Nd5 Nxe4 20. Qh4 Rxd5 21.
fxg6 bxc4 22. Qxh7+ Kf8 23. Rxf7+ Ke8 24. Qg8+ Kd7 25. Qxg7 Nf5 26. Qh7 Qg3 27.
Bh6 Qf2+ 28. Kh2 Nd2 29. Bxd2 Rxd2 30. Rg1 Qf4+ 31. Kh1 Ng3+ 0-1

[Event "CAN-ch University"]
[Site "Ottawa CAN"]
[Date "2018.01.14"]
[Round "3"]
[White "Plotkin, Mark"]
[Black "Qin, Zi Yi (Joey)"]
[Result "0-1"]
[WhiteElo "2293"]
[BlackElo "2502"]
[PlyCount "69"]
[EventDate "2018.01.13"]
[EventType "team"]
[EventRounds "5"]
[EventCountry "CAN"]

1. d4 Nf6 2. Nc3 d5 3. Bf4 e6 4. e3 Bd6 5. Nf3 Bxf4 6. exf4 O-O 7. Bd3 c5 8.
dxc5 Qc7 9. Qd2 Qxc5 10. O-O Nc6 11. Rfe1 a6 12. Ne5 Qd6 13. Rad1 Bd7 14. Qe3
Nb4 15. Qh3 Nxd3 16. Rxd3 Rfd8 17. Qh4 Qb4 18. Rg3 Ne8 19. a3 Qf8 20. Rh3 h6
21. Ree3 Nd6 22. Qh5 Nf5 23. Rd3 Be8 24. Qg4 Rac8 25. Nxd5 f6 26. Ng6 Bxg6 27.
Qxg6 Rxd5 28. Rxd5 Ne7 29. Qg4 exd5 30. Qe2 Qf7 31. g4 Ng6 32. Qd2 Rc4 33. Rf3
Qe6 34. h3 Qe4 35. Re3 0-1

[Event "Scarborough CC Falling Leaves"]
[Site "Toronto CAN"]
[Date "2017.11.09"]
[Round "2.3"]
[White "De Costa, Alex"]
[Black "Plotkin, Mark"]
[Result "0-1"]
[WhiteElo "1874"]
[BlackElo "2293"]
[PlyCount "62"]
[EventDate "2017.11.02"]
[EventType "swiss"]
[EventRounds "7"]
[EventCountry "CAN"]

1. e4 e5 2. Nf3 Nc6 3. Bb5 Nf6 4. d3 Ne7 5. O-O Ng6 6. d4 c6 7. Bc4 Nxe4 8. Re1
d5 9. Nxe5 Nxe5 10. dxe5 Bc5 11. Rxe4 dxe4 12. Qxd8+ Kxd8 13. Bg5+ Be7 14. Bf4
b5 15. Bb3 f5 16. exf6 Bxf6 17. Nc3 Bf5 18. Rd1+ Ke7 19. Re1 Bxc3 20. bxc3 Kf6
21. c4 b4 22. c5 Rhe8 23. Bd6 Be6 24. h3 Bxb3 25. cxb3 a5 26. Kh2 a4 27. Re3
axb3 28. axb3 g5 29. Kg3 Re6 30. Kg4 h5+ 31. Kxh5 Kf5 0-1

[Event "Scarborough CC Falling Leaves"]
[Site "Toronto CAN"]
[Date "2017.11.16"]
[Round "3.1"]
[White "Plotkin, Mark"]
[Black "Picana, Andrew"]
[Result "1-0"]
[WhiteElo "2293"]
[BlackElo "2089"]
[PlyCount "89"]
[EventDate "2017.11.02"]
[EventType "swiss"]
[EventRounds "7"]
[EventCountry "CAN"]

1. e4 e6 2. d4 d5 3. Nc3 Bb4 4. e5 Ne7 5. Bd2 O-O 6. Bd3 c5 7. Nf3 Nf5 8. Ne2
Bxd2+ 9. Qxd2 cxd4 10. Ng3 Nc6 11. Nh5 Qa5 12. Qxa5 Nxa5 13. O-O-O Nc6 14. Rhe1
Re8 15. Bxf5 exf5 16. Nxd4 Nxd4 17. Rxd4 Be6 18. Nf4 Rad8 19. Red1 Rd7 20. Nxd5
Bxd5 21. Rxd5 Rde7 22. f4 g6 23. Rd8 Rxd8 24. Rxd8+ Kg7 25. Rd6 Kh6 26. Kd2 Kh5
27. c4 Kg4 28. Rd4 h5 29. Ke3 h4 30. Kf2 Rc7 31. b3 Re7 32. h3+ Kh5 33. Rd8 Kh6
34. Ke3 f6 35. Kd4 fxe5+ 36. fxe5 Kg5 37. Kd5 Rc7 38. c5 Kf4 39. e6 g5 40. Rd7
Rc8 41. e7 Re8 42. Ke6 g4 43. hxg4 fxg4 44. Rd8 Rxe7+ 45. Kxe7 1-0

[Event "Aurora Fall op"]
[Site "Aurora CAN"]
[Date "2017.10.14"]
[Round "1.4"]
[White "Plotkin, Mark"]
[Black "Maulucci, Anthony"]
[Result "1/2-1/2"]
[WhiteElo "2190"]
[BlackElo "1847"]
[PlyCount "130"]
[EventDate "2017.10.14"]
[EventType "swiss"]
[EventRounds "5"]
[EventCountry "CAN"]
[Source "Chess Mix"]
[SourceDate "2017.10.20"]

1. e4 e6 2. d4 d5 3. Nc3 Nf6 4. e5 Nfd7 5. f4 c5 6. Nf3 Nc6 7. Be3 a6 8. Qd2 b5
9. a3 Qb6 10. dxc5 Bxc5 11. Bxc5 Nxc5 12. b4 Nd7 13. Bd3 f6 14. exf6 Nxf6 15.
Qf2 Qxf2+ 16. Kxf2 O-O 17. Rhe1 Bd7 18. Ne2 e5 19. fxe5 Ng4+ 20. Kg3 Ngxe5 21.
Nxe5 Nxe5 22. Nf4 Nxd3 23. cxd3 Bf5 24. Re7 Rac8 25. Nxd5 Rcd8 26. Re5 Bxd3 27.
Ne7+ Kh8 28. Rae1 Bc4 29. R1e3 g6 30. h4 Rd2 31. Rf3 Rxf3+ 32. Kxf3 Rd3+ 33.
Re3 Bd5+ 34. Nxd5 Rxd5 35. Ke4 Rd2 36. g3 Kg7 37. Rf3 h5 38. Ke5 Rd1 39. Ke6
Re1+ 40. Kd6 Rc1 41. Kd7 Rc2 42. Rd3 g5 43. Rd6 Rc3 44. Rxa6 Rxg3 45. hxg5 Rxg5
46. Re6 h4 47. Re4 Rh5 48. Re2 h3 49. Rh2 Rd5+ 50. Kc6 Rh5 51. Rh1 Kf6 52. Rf1+
Kg6 53. Ra1 Kf6 54. Rf1+ Kg6 55. Kb6 Kg7 56. Ka6 Kg6 57. Ka5 Kh6 58. Rg1 Rg5
59. Rh1 Rh5 60. Rb1 Rg5 61. Rh1 Rh5 62. Rh2 Kg6 63. Kb6 Kf6 64. Kc6 Kg6 65. Rh1
Kf6 1/2-1/2

[Event "Aurora Fall op"]
[Site "Aurora CAN"]
[Date "2017.10.14"]
[Round "2.5"]
[White "Chakkoli, Shiva"]
[Black "Plotkin, Mark"]
[Result "0-1"]
[WhiteElo "1669"]
[BlackElo "2190"]
[PlyCount "42"]
[EventDate "2017.10.14"]
[EventType "swiss"]
[EventRounds "5"]
[EventCountry "CAN"]
[Source "Chess Mix"]
[SourceDate "2017.10.20"]

1. e4 d6 2. f4 e5 3. Nf3 exf4 4. Bc4 h6 5. h4 Nf6 6. d3 Nh5 7. c3 Be7 8. Nbd2
Ng3 9. Rh2 Nc6 10. d4 O-O 11. Qc2 Bg4 12. b4 Bf6 13. Bb2 Ne7 14. e5 dxe5 15.
dxe5 Nef5 16. exf6 Re8+ 17. Kf2 Qxf6 18. Qb3 Rad8 19. Bxf7+ Kh8 20. Bxe8 Rxd2+
21. Nxd2 Qb6+ 0-1

[Event "Aurora Fall op"]
[Site "Aurora CAN"]
[Date "2017.10.14"]
[Round "3.2"]
[White "Plotkin, Mark"]
[Black "Chernik, Dmitry"]
[Result "1-0"]
[WhiteElo "2190"]
[BlackElo "1882"]
[PlyCount "67"]
[EventDate "2017.10.14"]
[EventType "swiss"]
[EventRounds "5"]
[EventCountry "CAN"]
[Source "Chess Mix"]
[SourceDate "2017.10.20"]

1. e4 d6 2. d4 Nf6 3. Nc3 e5 4. Nge2 Be7 5. h3 Nbd7 6. g4 exd4 7. Qxd4 Ne5 8.
Bg2 Bd7 9. f4 c5 10. Qf2 Ng6 11. g5 Ng8 12. Nd5 Bc6 13. Nec3 h6 14. h4 hxg5 15.
hxg5 Rxh1+ 16. Bxh1 Qd7 17. Be3 O-O-O 18. O-O-O f6 19. Nxe7+ Qxe7 20. Nd5 Bxd5
21. Rxd5 fxg5 22. Rxg5 Qf7 23. Bf3 N8e7 24. Kb1 Rf8 25. Qg3 Qf6 26. Bg4+ Kc7
27. e5 dxe5 28. fxe5 Qc6 29. e6+ Kc8 30. Rxg6 b6 31. Rxg7 Rf1+ 32. Bc1 Qh1 33.
Qe3 Kd8 34. Qg5 1-0

[Event "Aurora Fall op"]
[Site "Aurora CAN"]
[Date "2017.10.15"]
[Round "4.2"]
[White "Hambleton, Aman"]
[Black "Plotkin, Mark"]
[Result "1-0"]
[WhiteElo "2479"]
[BlackElo "2190"]
[PlyCount "73"]
[EventDate "2017.10.14"]
[EventType "swiss"]
[EventRounds "5"]
[EventCountry "CAN"]
[Source "Chess Mix"]
[SourceDate "2017.10.20"]

1. d4 Nf6 2. Bf4 d6 3. Nc3 Nbd7 4. Nf3 Nh5 5. Bc1 e5 6. g4 Nhf6 7. g5 Nh5 8.
dxe5 dxe5 9. Bh3 c6 10. Bxd7+ Bxd7 11. Nxe5 Bf5 12. Qxd8+ Rxd8 13. e4 Bh3 14.
Nd3 Bd6 15. f4 f6 16. gxf6 gxf6 17. Rg1 Kf7 18. Kf2 Rhg8 19. Be3 b6 20. Kf3 f5
21. Nf2 fxe4+ 22. Ncxe4 Rxg1 23. Rxg1 Bf5 24. Rg5 Ng7 25. Bd4 Bf8 26. Bxg7
Bxe4+ 27. Nxe4 Bxg7 28. b3 Rd1 29. Rg2 Rf1+ 30. Rf2 Ra1 31. a4 Bh6 32. Kg4 Rg1+
33. Kf5 Rg6 34. h4 Rg1 35. Rd2 Ke7 36. Nf6 Bf8 37. Rd7# 1-0

[Event "Scarborough CC Howard Ridout"]
[Site "Toronto CAN"]
[Date "2017.09.28"]
[Round "3.4"]
[White "Plotkin, Mark"]
[Black "Qiao, Cindy"]
[Result "0-1"]
[WhiteElo "2343"]
[BlackElo "1887"]
[PlyCount "76"]
[EventDate "2017.09.14"]
[EventType "swiss"]
[EventRounds "7"]
[EventCountry "CAN"]

1. c4 c6 2. g3 Nf6 3. Bg2 d5 4. Nf3 Nbd7 5. d4 e6 6. O-O Bd6 7. b3 O-O 8. Bb2
Re8 9. Nbd2 Bc7 10. Qc2 h6 11. e4 dxe4 12. Nxe4 Nxe4 13. Qxe4 Nf6 14. Qe2 Qe7
15. Ne5 Bxe5 16. dxe5 Nh7 17. f4 c5 18. Rad1 Rb8 19. Rd6 Nf8 20. Rfd1 Qc7 21.
Qd3 Re7 22. g4 Bd7 23. f5 b5 24. f6 bxc4 25. Qxc4 Bb5 26. fxe7 Bxc4 27. Rd8
Qxe7 28. Rxb8 Bd5 29. Bxd5 exd5 30. h3 d4 31. Re1 Qh4 32. Kf1 Qxh3+ 33. Ke2
Qg2+ 34. Kd3 Qxb2 35. Rg1 Qc3+ 36. Ke4 Qc2+ 37. Kf3 Qd3+ 38. Kg2 Qe2+ 0-1

[Event "Scarborough CC Howard Ridout"]
[Site "Toronto CAN"]
[Date "2017.10.05"]
[Round "4.5"]
[White "Huang, Youhe"]
[Black "Plotkin, Mark"]
[Result "1-0"]
[WhiteElo "1849"]
[BlackElo "2343"]
[PlyCount "107"]
[EventDate "2017.09.14"]
[EventType "swiss"]
[EventRounds "7"]
[EventCountry "CAN"]

1. e4 e5 2. Nf3 Nc6 3. Bc4 Nf6 4. d4 exd4 5. e5 d5 6. Bb5 Ne4 7. Nxd4 Bd7 8.
Bxc6 bxc6 9. Nd2 Nxf2 10. Kxf2 Qh4+ 11. Ke3 c5 12. N4f3 d4+ 13. Kd3 Bb5+ 14. c4
dxc3+ 15. Kxc3 Qb4+ 16. Kc2 O-O-O 17. Qg1 Bd3+ 18. Kd1 c4 19. Qxa7 Bc5 20. Qa6+
Kd7 21. e6+ Ke7 22. exf7 Rd6 23. Re1+ Kf6 24. Qa3 Qxa3 25. bxa3 c3 26. Re8 Bf2
27. Ne4+ Bxe4+ 28. Ke2 Bxf3+ 29. Kxf2 Kxf7 30. Rxh8 Be4 31. Bf4 Rb6 32. Ke3 Bf5
33. Rc1 c2 34. g4 Bg6 35. h4 h5 36. gxh5 Bf5 37. Kd4 Ra6 38. Kc3 Rxa3+ 39. Kb2
Ra4 40. Bg5 Rb4+ 41. Kc3 Ra4 42. Kb3 Ra6 43. Rb8 Ke6 44. Re1+ Kd5 45. Rb5+ c5
46. Be3 Rc6 47. Bxc5 Rxc5 48. Re5+ Kxe5 49. Rxc5+ Kf4 50. Rxf5+ Kxf5 51. Kxc2
Kg4 52. a4 Kxh5 53. a5 Kxh4 54. a6 1-0

[Event "Scarborough CC Howard Ridout"]
[Site "Toronto CAN"]
[Date "2017.10.26"]
[Round "7.10"]
[White "Plotkin, Mark"]
[Black "Zhao, Yanchun"]
[Result "1-0"]
[WhiteElo "2343"]
[BlackElo "1827"]
[PlyCount "137"]
[EventDate "2017.09.14"]
[EventType "swiss"]
[EventRounds "7"]
[EventCountry "CAN"]

1. d4 Nf6 2. c4 g6 3. Nc3 d5 4. Nf3 Bg7 5. Qb3 c6 6. Bf4 O-O 7. e3 h6 8. h3 e6
9. Bd3 Nbd7 10. O-O dxc4 11. Bxc4 Nb6 12. Bd3 Nbd5 13. Bh2 Qb6 14. Nxd5 Nxd5
15. Ne5 Qxb3 16. axb3 Nb4 17. Be4 Nd5 18. Rfc1 Rd8 19. Nc4 Bd7 20. Na5 Bc8 21.
Nc4 Bd7 22. Nd6 Bc8 23. Kf1 Bf8 24. Nc4 Bd7 25. Ne5 Be8 26. Nd3 b6 27. Ke2 Bd6
28. Bxd6 Rxd6 29. Ne5 a5 30. b4 Nxb4 31. Nc4 Rdd8 32. Nxb6 Ra6 33. Nc4 Rda8 34.
Nd6 Nd5 35. Rc5 a4 36. Bd3 Rb6 37. Nc4 Rb4 38. Kd2 Nb6 39. Ra2 Rb8 40. Ne5 Nd7
41. Nxd7 Bxd7 42. Kc1 Ra8 43. Bc2 Kf8 44. Kd2 Rab8 45. Kc3 R4b5 46. Bxa4 Rxc5+
47. dxc5 e5 48. b4 Ke7 49. Bb3 Rb7 50. Ra8 h5 51. h4 Rc7 52. Bc4 Bc8 53. Kb3
Be6 54. Bxe6 Kxe6 55. Kc4 Kf5 56. f3 f6 57. Ra2 g5 58. hxg5 fxg5 59. b5 cxb5+
60. Kxb5 Rb7+ 61. Kc6 Rb3 62. e4+ Ke6 63. Kc7 Ke7 64. c6 Rd3 65. Rb2 g4 66.
fxg4 hxg4 67. Kb7 Rd4 68. c7 Rd7 69. Kb8 1-0

[Event "Reykjavik op"]
[Site "Reykjavik ISL"]
[Date "2017.04.19"]
[Round "1.110"]
[White "Plotkin, Mark"]
[Black "Njardarson, Daniel Ernir"]
[Result "1-0"]
[WhiteElo "2147"]
[BlackElo "1378"]
[PlyCount "73"]
[EventDate "2017.04.19"]
[EventType "swiss"]
[EventRounds "10"]
[EventCountry "ISL"]
[Source "Chess Mix"]
[SourceDate "2017.05.01"]

1. e4 e6 2. d4 d5 3. Nc3 dxe4 4. Nxe4 Nd7 5. Nf3 Ngf6 6. Bd3 c5 7. O-O Nxe4 8.
Bxe4 Nf6 9. Bg5 cxd4 10. Nxd4 Be7 11. Bd3 O-O 12. c3 h6 13. Bh4 Qb6 14. Qe2 Re8
15. Rfe1 Bd7 16. Rad1 Rad8 17. Bc2 Bc6 18. Qd3 g6 19. Rxe6 Be4 20. Qg3 fxe6 21.
Bxe4 Nxe4 22. Qxg6+ Kh8 23. Qxh6+ Kg8 24. Qg6+ Kf8 25. Qxe4 Bxh4 26. Qxh4 e5
27. Ne6+ Qxe6 28. Rxd8 Rxd8 29. Qxd8+ Kf7 30. Qc7+ Kf6 31. Qxb7 Qxa2 32. h4
Qb1+ 33. Kh2 Qc1 34. Qxa7 Qxb2 35. Qe3 Qc2 36. h5 Qh7 37. Qf3+ 1-0

[Event "Reykjavik op"]
[Site "Reykjavik ISL"]
[Date "2017.04.20"]
[Round "2.38"]
[White "Christiansen, Johan Sebastian"]
[Black "Plotkin, Mark"]
[Result "1-0"]
[WhiteElo "2429"]
[BlackElo "2147"]
[PlyCount "99"]
[EventDate "2017.04.19"]
[EventType "swiss"]
[EventRounds "10"]
[EventCountry "ISL"]
[Source "Chess Mix"]
[SourceDate "2017.05.01"]

1. Nf3 Nf6 2. c4 e6 3. g3 b6 4. Bg2 Be7 5. O-O O-O 6. d4 c6 7. Qc2 d5 8. b3
Nbd7 9. Bb2 Bb7 10. Nc3 a5 11. Rad1 Qc7 12. e4 Nxe4 13. Nxe4 dxe4 14. Qxe4 Nf6
15. Qe2 a4 16. Bc1 Rfe8 17. Bf4 Qc8 18. Bh3 axb3 19. axb3 Ra3 20. Qb2 Qa8 21.
Ra1 Bb4 22. Ne5 c5 23. Nd3 Ne4 24. Nxb4 cxb4 25. f3 Nc3 26. Bd6 Bxf3 27. Rxa3
Qxa3 28. Qxc3 bxc3 29. Bxa3 Be2 30. Re1 Ra8 31. Rxe2 Rxa3 32. b4 Rb3 33. Rc2
Rb1+ 34. Bf1 Rxb4 35. Rxc3 Kf8 36. c5 bxc5 37. dxc5 Rb7 38. c6 Rc7 39. Bb5 Ke7
40. Rd3 f5 41. Kf2 g5 42. Ke3 e5 43. g4 fxg4 44. Ke4 h5 45. Kxe5 h4 46. Rd6 Ra7
47. Rh6 Ra5 48. Rh7+ Ke8 49. Ke6 Kd8 50. Kd6 1-0

[Event "Reykjavik op"]
[Site "Reykjavik ISL"]
[Date "2017.04.20"]
[Round "3.74"]
[White "Plotkin, Mark"]
[Black "Daly, Patrick"]
[Result "1-0"]
[WhiteElo "2147"]
[BlackElo "1804"]
[PlyCount "61"]
[EventDate "2017.04.19"]
[EventType "swiss"]
[EventRounds "10"]
[EventCountry "ISL"]
[Source "Chess Mix"]
[SourceDate "2017.05.01"]

1. e4 c6 2. Nf3 d5 3. Nc3 dxe4 4. Nxe4 Bf5 5. Ng3 Bg6 6. h4 h6 7. Ne5 Bh7 8.
Qh5 g6 9. Bc4 e6 10. Qe2 Qe7 11. d4 Bg7 12. Bf4 Nf6 13. O-O-O Nd5 14. Bxd5 cxd5
15. Qb5+ Kf8 16. Rde1 g5 17. Bd2 Bxe5 18. Rxe5 Qc7 19. Bb4+ Kg7 20. Nh5+ Kg6
21. Qd3+ f5 22. Rxe6+ Kf7 23. Rf6+ Ke8 24. Re1+ Kd8 25. Re7 Nd7 26. Rff7 Bg6
27. Rxd7+ Qxd7 28. Rxd7+ Kxd7 29. Qb5+ Ke6 30. Qxb7 f4 31. Ng7+ 1-0

[Event "Reykjavik op"]
[Site "Reykjavik ISL"]
[Date "2017.04.21"]
[Round "4.39"]
[White "Derakhshani, Dorsa"]
[Black "Plotkin, Mark"]
[Result "1-0"]
[WhiteElo "2351"]
[BlackElo "2147"]
[PlyCount "137"]
[EventDate "2017.04.19"]
[EventType "swiss"]
[EventRounds "10"]
[EventCountry "ISL"]
[Source "Chess Mix"]
[SourceDate "2017.05.01"]

1. e4 e5 2. Nf3 Nc6 3. d4 exd4 4. Nxd4 Nf6 5. Nxc6 bxc6 6. Qe2 Qe7 7. Nc3 Qe6
8. a3 Bc5 9. Be3 Bxe3 10. Qxe3 d5 11. Bd3 O-O 12. O-O Re8 13. Rfe1 Bd7 14. e5
Ng4 15. Qd4 f6 16. h3 Nxe5 17. f4 c5 18. Qxc5 Nxd3 19. cxd3 Qb6 20. Qxb6 cxb6
21. Nxd5 Rad8 22. d4 Kf7 23. Nc3 b5 24. Rxe8 Bxe8 25. Rd1 a5 26. Ne4 Ke6 27.
Kf2 Kd5 28. Ke3 Bg6 29. Rc1 Bxe4 30. Rc5+ Kd6 31. Kxe4 Re8+ 32. Kd3 Rb8 33. Kc3
h6 34. f5 Rb7 35. b3 Rb8 36. a4 bxa4 37. bxa4 Ra8 38. Kc4 Ra7 39. Kb5 Rb7+ 40.
Kxa5 Rb2 41. Rb5 Ra2 42. g4 Ra3 43. Kb4 Rxh3 44. a5 Rd3 45. a6 Rxd4+ 46. Ka5
Kc7 47. Rb7+ Kc8 48. Rxg7 Kb8 49. Kb5 Rd6 50. Rh7 Rd4 51. Rxh6 Rxg4 52. Rxf6
Rg1 53. Re6 Kc7 54. Re8 Rb1+ 55. Kc4 Rc1+ 56. Kd3 Kb6 57. Re6+ Kc5 58. Ke4 Rf1
59. Ke5 Ra1 60. Kf6 Kd5 61. Ke7 Rc1 62. Rd6+ Ke5 63. f6 Rc7+ 64. Rd7 Rc6 65. a7
Re6+ 66. Kd8 Rxf6 67. Re7+ Kd6 68. a8=Q Rf8+ 69. Re8 1-0

[Event "Reykjavik op"]
[Site "Reykjavik ISL"]
[Date "2017.04.22"]
[Round "5.70"]
[White "Plotkin, Mark"]
[Black "Briem, Stefan"]
[Result "1-0"]
[WhiteElo "2147"]
[BlackElo "1865"]
[PlyCount "91"]
[EventDate "2017.04.19"]
[EventType "swiss"]
[EventRounds "10"]
[EventCountry "ISL"]
[Source "Chess Mix"]
[SourceDate "2017.05.01"]

1. e4 c5 2. Nf3 d6 3. Bb5+ Bd7 4. Bxd7+ Nxd7 5. O-O g6 6. c3 Bg7 7. d4 Ngf6 8.
Re1 O-O 9. d5 b5 10. a4 a6 11. Na3 Qb6 12. Bg5 h6 13. Bd2 Ng4 14. Qe2 Rab8 15.
a5 Qc7 16. h3 Nge5 17. Nxe5 Nxe5 18. f4 Nd7 19. Nc2 Rbe8 20. Ne3 c4 21. Nc2 Nc5
22. Nb4 e6 23. Qf3 Qb7 24. Be3 exd5 25. exd5 Na4 26. Re2 Nxb2 27. Rxb2 Bxc3 28.
Rab1 Bxb2 29. Rxb2 Qe7 30. Bd4 Qe4 31. Qxe4 Rxe4 32. Bc3 Re3 33. Rc2 Rfe8 34.
Kf2 f5 35. Nxa6 Rd3 36. Nb4 Rd1 37. a6 Rb1 38. a7 Rb3 39. Na6 Ra8 40. Bd4 Rxa7
41. Bxa7 Ra3 42. Nc7 Rxa7 43. Nxb5 Rb7 44. Nxd6 Rd7 45. Nc8 Kf7 46. d6 1-0